E-waste management in selected institutions of higher learning in the Klang Valley, Malaysia /
Saved in:
| Main Author: | |
|---|---|
| Format: | Thesis Book |
| Language: | English |
| Published: |
2013
|
| Subjects: | |
| Online Access: | http://studentsrepo.um.edu.my/id/eprint/4845 |
| Tags: |
Add Tag
No Tags, Be the first to tag this record!
|
| LEADER | 01415cam a2200325 i 4500 | ||
|---|---|---|---|
| 001 | u1009714 | ||
| 003 | SIRSI | ||
| 005 | 201502041634 | ||
| 008 | 150204s2013 my a t 000 0 eng m | ||
| 040 | |a UMM |d AUM | ||
| 090 | |a GE7 |b UM 2013 Kas | ||
| 100 | 1 | |a Kasapo, Pearson, |e author. | |
| 245 | 1 | 0 | |a E-waste management in selected institutions of higher learning in the Klang Valley, Malaysia / |c Pearson Kasapo. |
| 264 | 1 | |c 2013 | |
| 264 | 4 | |c 2013 | |
| 300 | |a xxii, 140 leaves, 6 unnumbered leaves : |b illustrations ; |c 30 cm. | ||
| 336 | |a text |2 rdacontent | ||
| 337 | |a unmediated |2 rdamedia | ||
| 338 | |a volume |2 rdacarrier | ||
| 502 | |b M.Tech. (Envir.Mgmt.) |c Institut Sains Biologi, Fakulti Sains, Universiti Malaya |d 2014. | ||
| 504 | |a Bibliography: leaves 129-140. | ||
| 530 | |a Also issued in CD. | ||
| 650 | 0 | |a Electronic waste |z Malaysia |z Klang Valley (Selangor) |x Management. | |
| 650 | 0 | |a Electronic apparatus and appliances |x Environmental aspects |z Malaysia |z Klang Valley (Selangor). | |
| 710 | 2 | |a Universiti Malaya. |b Institut Sains Biologi, |e degree granting institution. | |
| 856 | 4 | 1 | |u http://studentsrepo.um.edu.my/id/eprint/4845 |
| 900 | |a ATAH-ZA | ||
| 596 | |a 1 25 | ||
| 999 | |a GE7 UM 2013 KAS |w LC |c 1 |i A516174144 |d 4/8/2022 |e 4/8/2022 |f 25/8/2015 |g 1 |l STACKS |m P01UTAMA |n 1 |r Y |s Y |t TESIS |u 17/8/2015 |1 STEM | ||
| 999 | |a GE7 UM 2013 KAS |w LC |c 1 |i A516488704 |l STACKS |m P25UMARCHI |r Y |s Y |t CD |u 1/3/2017 |1 STEM |2 GIFT | ||
